| 000 | 00000nas##2200000za#4500 |
| 001 | 9.501125 |
| 003 | CaOODSP |
| 005 | 20200325122336 |
| 007 | cr ||||||||||| |
| 008 | 150406c1991||||xxc|| m o||||f| |0fre|d |
| 040 | |aCaOODSP|bfre |
| 043 | |an-cn--- |
| 086 | 1 |aSC91-4F-PDF |
| 110 | 1 |aCanada.|bCentre canadien de gestion. |
| 245 | 10|aConférence John L. Manion |h[ressource électronique] |
| 260 | |aOttawa - Ontario : |bCentre canadien de gestion |c[1993?]--. |
| 310 | |aIrrégulier |
| 775 | 08|tJohn L. Manion lecture |w(CaOODSP)9.504714 |
| 776 | 0#|tJohn L. Manion Lecture |w(CaOODSP)9.509622 |
| 776 | 0#|tLa conférence John L. Manion |w(CaOODSP)9.509623 |
| 776 | 0#|tLa conférence John L. Manion |w(CaOODSP)9.513228 |